Fr. Conceicao Rodrigues College of Engineering

Aircraft Materials & processes (Record no. 26166)

MARC details
000 -LEADER
fixed length control field 00316nam a2200145Ia 4500
082 ## - DEWEY DECIMAL CLASSIFICATION NUMBER
Classification number 621.13
Item number TIT
100 ## - MAIN ENTRY--PERSONAL NAME
Personal name Titterton/George F
245 ## - TITLE STATEMENT
Title Aircraft Materials & processes
260 ## - PUBLICATION, DISTRIBUTION, ETC.
Name of publisher, distributor, etc. Pitman &sons
Place of publication, distribution, etc. Newyork
Date of publication, distribution, etc. 1951
300 ## - PHYSICAL DESCRIPTION
Extent 359
546 ## - LANGUAGE NOTE
Language note ENGLISH
654 ## - SUBJECT ADDED ENTRY--FACETED TOPICAL TERMS
Focus term Aircraft
942 ## - ADDED ENTRY ELEMENTS (KOHA)
Koha item type BOOK
Holdings
Withdrawn status Lost status Damaged status Not for loan Collection Home library Current library Date acquired Total Checkouts Full call number Barcode Date last seen Date last checked out Price effective from Koha item type
        AFT Fr. Agnel's C.Rodrigues College of Engineering Fr. Agnel's C.Rodrigues- College of Engineering 17/03/2023 1 621.13 TIT AFT1509 25/08/2023 12/06/2023 17/03/2023 BOOK